Faculty of Law Library — Cairo University

Official Online Catalog

Premier Congrès De Police Judiciaire Internationale / (Record no. 62654)

MARC details
000 -LEADER
fixed length control field 01135nam a22003377i 4500
003 - CONTROL NUMBER IDENTIFIER
control field EG-GICUC
005 - DATE AND TIME OF LATEST TRANSACTION
control field 20260211161007.0
008 - FIXED-LENGTH DATA ELEMENTS--GENERAL INFORMATION
fixed length control field 260211s1926 fr ||||fr||| 000 0 efredd
040 ## - CATALOGING SOURCE
Original cataloging agency EG-GiCUC
Language of cataloging fre
Transcribing agency EG-GiCUC
Modifying agency EG-GiCUC
Description conventions Rda
082 04 - DEWEY DECIMAL CLASSIFICATION NUMBER
Edition number 21
Classification number 341.77
Item number PR
092 04 - LOCALLY ASSIGNED DEWEY CALL NUMBER (OCLC)
Edition number 21
099 ## - LOCAL FREE-TEXT CALL NUMBER (OCLC)
Classification number Law1 11 341.77 PR 1926
111 ## - MAIN ENTRY--MEETING NAME
Meeting name or jurisdiction name as entry element Premier Congrès De Police Judiciaire Internationale
Location of meeting (Monaco:
Number of part/section/meeting 1:
Date of meeting or treaty signing 1926)
245 10 - TITLE STATEMENT
Title Premier Congrès De Police Judiciaire Internationale /
Statement of responsibility, etc. F. Larnaude, J.-a. Roux.
Remainder of title
Number of part/section of a work
246 1# - VARYING FORM OF TITLE
Title proper/short title Actes Du Congre.
264 #1 - PRODUCTION, PUBLICATION, DISTRIBUTION, MANUFACTURE, AND COPYRIGHT NOTICE
Place of production, publication, distribution, manufacture Paris :
Name of producer, publisher, distributor, manufacturer Imprimerie Et Librairie Générale De Jurisprudence,
Date of production, publication, distribution, manufacture, or copyright notice 1926.
300 ## - PHYSICAL DESCRIPTION
Extent 285page :
Other physical details illustration ;
Dimensions 24 cm.
336 ## - CONTENT TYPE
Source rda contenu
Content type term texte
337 ## - MEDIA TYPE
Source rda medias
Media type term Ordinateur
338 ## - CARRIER TYPE
Source transporteur rda
Carrier type term Ressource en ligne
500 ## - GENERAL NOTE
General note
504 ## - BIBLIOGRAPHY, ETC. NOTE
Bibliography, etc. note <br/>
546 ## - LANGUAGE NOTE
Language note Texte en français
650 14 - SUBJECT ADDED ENTRY--TOPICAL TERM
Topical term or geographic name entry element Droit international public
Source of heading or term
651 1# - SUBJECT ADDED ENTRY--GEOGRAPHIC NAME
Source of heading or term
700 1# - ADDED ENTRY--PERSONAL NAME
Personal name Larnaude,F
Relator term Président
700 1# - ADDED ENTRY--PERSONAL NAME
Personal name Roux, J.-a
Relator term Président
856 40 - ELECTRONIC LOCATION AND ACCESS
Uniform Resource Identifier <a href="https://fll.law.cu.edu.eg/fulltext/bks/B11-07315.pdf">https://fll.law.cu.edu.eg/fulltext/bks/B11-07315.pdf</a>
905 ## - Cataloger and Reviser Names
Cataloger Name: Dina
942 ## - ADDED ENTRY ELEMENTS (KOHA)
Source of classification or shelving scheme Dewey Decimal Classification
Koha item type Books
Edition 21
Suppress in OPAC No
Holdings
Withdrawn status Lost status Source of classification or shelving scheme Damaged status Not for loan Collection Home library Current library Date acquired Total checkouts Full call number Barcode Date last seen Copy number Price effective from Koha item type
    Dewey Decimal Classification   Not for loan القانون الدولي العام جــــامعة القــاهرة مكتبة كلية الحقوق - المبنى الرئيسي 11.02.2026   Law1 11 341.77 PR 1926 1107315 C1 B11-07315 11.02.2026 1 11.02.2026 Books

© All rights reserved — Faculty of Law, Cairo University